Textbook of engineering mechanics (Record no. 13898)
[ view plain ]
| 000 -LEADER | |
|---|---|
| fixed length control field | 00218nam a22000977a 4500 |
| 082 ## - DEWEY DECIMAL CLASSIFICATION NUMBER | |
| Classification number | 620.1 |
| Item number | BEN/TE |
| 100 ## - MAIN ENTRY--AUTHOR NAME | |
| Personal name | Benjamin J |
| 245 ## - TITLE STATEMENT | |
| Title | Textbook of engineering mechanics |
| 260 ## - PUBLICATION, DISTRIBUTION, ETC. (IMPRINT) | |
| Place of publication | Kollam |
| Name of publisher | Pentex |
| Year of publication | 2012 |
| 942 ## - ADDED ENTRY ELEMENTS (KOHA) | |
| Koha item type | Books |
| Withdrawn status | Lost status | Damaged status | Collection code | Home library | Current library | Shelving location | Date acquired | Source of acquisition | Cost, normal purchase price | Full call number | Accession Number | Koha item type |
|---|---|---|---|---|---|---|---|---|---|---|---|---|
| Non-fiction | KAUAET | KAUAET | General Stacks | 30/03/2013 | Calicut Book Distributors | 265.00 | 620.1 BEN/TE | 23733 | Books | |||
| KAUAET | KAUAET | 26/08/2022 | 620.1 BEN/TE | 25078 | Books |
